000 00422nam a2200157Ia 4500
008 230725s2005 xx 000 0 und d
041 _aeng
082 _a615.1901
_bBEC/STE
100 _aBECKETT, STENLAKE
245 _aPRACTICAL PHARMACEUTICAL CHEMISTRY VOL 1
260 _bCBS PUBLISHERS & DISTRIBUTOR PVT. LTD.
_c2005
365 _h10%
500 _aTEXT BOOK
501 _aPC
650 _aPHARMACEUTICAL CHEMISTRY
999 _c778008
_d778008